000 00488cam a2200193 4500
001 D1485
008 090401t1985 xxu||||| |||| 00| 0 eng d
035 _a(Sirsi) u64219
041 _aeng
050 _a690
100 _aBishop, D.
245 _aBuildability: the criteria for assessment
260 _aAscot, Berks
_bChartered Institute of Building
_c1985
300 _a7p. 30cm
350 _a0
490 _aTechnical Information Service
_v48
942 _n0
948 _c04/03/1997
999 _c94658
_d94658